| 000 | 00858nam a22002411 4500 | ||
|---|---|---|---|
| 003 | OSt | ||
| 005 | 20170302084105.0 | ||
| 008 | 000401s1958 sp spa | ||
| 040 |
_aSpMaBN _bspa _cBMC |
||
| 082 | _a914.6 | ||
| 082 | _a306.46 | ||
| 100 | 1 |
_9952 _aVilleboeuf, André _d1893-1956 |
|
| 245 | 1 | 0 |
_aSerenatas sin guitarra _cAndré Villeboeuf ; traducción del francés, con una cuartilla liminar de Julio Gómez de la Serna ; prólogo de Domingo Ortega ; epílogo de Antonio Díaz Cañabate |
| 260 | 0 |
_aMadrid _bEspasa-Calpe _c1958 |
|
| 300 |
_a256 p. _c18 cm |
||
| 490 | 0 |
_aAustral _v1284 |
|
| 651 | 0 | 4 |
_9138 _aEspaña _xDescripción |
| 651 | 0 | 4 |
_91585 _aEspaña _xUsos y costumbres |
| 700 | 1 |
_aDíaz-Cañabate, Antonio _9618 _d1898-1980 |
|
| 700 | 1 |
_aOrtega, Domingo _91313 _d1908-1988 |
|
| 700 | 1 |
_aGómez de la Serna, Julio _9188 |
|
| 942 |
_2ddc _cBK |
||
| 999 |
_c883 _d883 |
||